Batman: The Animated Series Characters Quiz Stats

Quiz Updated May 11, 2013

Challenge
Share
Tweet
Score 0/36 Timer 05:00
12 Plays Today
% Correct
The Joker
98%
Catwoman
97.5%
Bruce Wayne
97.2%
Robin
95.8%
Batgirl
92.4%
The Penguin
90.6%
Two-Face
90.3%
The Riddler
90.3%
Alfred Pennyworth
89.2%
Poison Ivy
87.8%
The Scarecrow
86%
James Gordon
84.2%
Harley Quinn
83.6%
Bane
82.2%
Mr. Freeze
79.6%
The Mad Hatter
69.2%
Clayface
67.3%
Man-Bat
60%
% Correct
Ra's al Ghul
56.3%
Killer Croc
56.2%
The Ventriloquist
47.8%
Detective Bullock
34.9%
The Clock King
31.1%
Officer Montoya
26.3%
Lucius Fox
25.5%
Red Claw
19.1%
Baby Doll
18.8%
Rupert Thorne
18.7%
Mayor Hamilton Hill
17.2%
Roland Daggett
12%
Lock-Up
11.7%
Summer Gleeson
11.1%
Sid 'the Squid'
10.1%
HARDAC
9.6%
Professor Milo
7.5%
Veronica Vreeland
6.3%

You're not logged in!

Compare scores with friends on all Sporcle quizzes.
Join for Free
OR
Log In

You Might Also Like...

Show Comments

Extras

Top Quizzes Today


Score Distribution

Your Account Isn't Verified!

In order to create a playlist on Sporcle, you need to verify the email address you used during registration. Go to your Sporcle Settings to finish the process.

Report this User

Report this user for behavior that violates our Community Guidelines.

Details: